Sağlık yönetiminde devamlı kalite iyileştirme = (Record no. 200454327)
[ view plain ]
| 000 -LEADER | |
|---|---|
| fixed length control field | 01061 am a2200301 a 4500 |
| 003 - CONTROL NUMBER IDENTIFIER | |
| control field | TR-AnTOB |
| 005 - DATE AND TIME OF LATEST TRANSACTION | |
| control field | 20230922114012.0 |
| 007 - PHYSICAL DESCRIPTION FIXED FIELD--GENERAL INFORMATION | |
| fixed length control field | ta |
| 008 - FIXED-LENGTH DATA ELEMENTS--GENERAL INFORMATION | |
| fixed length control field | 981222s1997 tu 000 0 tur d |
| 020 ## - INTERNATIONAL STANDARD BOOK NUMBER | |
| International Standard Book Number | 9757692158 |
| 040 ## - CATALOGING SOURCE | |
| Original cataloging agency | TR-AnTOB |
| Language of cataloging | eng |
| Description conventions | rda |
| Transcribing agency | TR-AnTOB |
| 041 ## - LANGUAGE CODE | |
| Language code of text/sound track or separate title | Türkçe |
| 060 ## - NATIONAL LIBRARY OF MEDICINE CALL NUMBER | |
| Classification number | W 84 |
| Item number | S275 1997 |
| 096 ## - LOCALLY ASSIGNED NLM-TYPE CALL NUMBER (OCLC) | |
| Classification number | W84 |
| Item number | S275 1997 |
| 111 1# - MAIN ENTRY--MEETING NAME | |
| Meeting name or jurisdiction name as entry element | Sağlık Yönetiminde Devamlı Kalite İyileştirme Sempozyumu |
| Date of meeting | (1997 : |
| Location of meeting | Ankara) |
| 245 10 - TITLE STATEMENT | |
| Title | Sağlık yönetiminde devamlı kalite iyileştirme = |
| Remainder of title | continuous quality improvement in health care / |
| Statement of responsibility, etc. | editör Mithat Çoruh ; yayın kurulu şüheda Güray, Cihan Kafadar. |
| 264 #1 - PRODUCTION, PUBLICATION, DISTRIBUTION, MANUFACTURE, AND COPYRIGHT NOTICE | |
| Place of production, publication, distribution, manufacture | Ankara : |
| Name of producer, publisher, distributor, manufacturer | Haberal Eğitim Vakfı, |
| Date of production, publication, distribution, manufacture, or copyright notice | 1998. |
| 300 ## - PHYSICAL DESCRIPTION | |
| Extent | xiv, 282 pages : |
| Other physical details | tables ; |
| Dimensions | 24 cm |
| 336 ## - CONTENT TYPE | |
| Source | rdacontent |
| Content type term | text |
| Content type code | txt |
| 337 ## - MEDIA TYPE | |
| Source | rdamedia |
| Media type term | unmediated |
| Media type code | n |
| 338 ## - CARRIER TYPE | |
| Source | rdacarrier |
| Carrier type term | volume |
| Carrier type code | nc |
| 650 #2 - SUBJECT ADDED ENTRY--TOPICAL TERM | |
| Topical term or geographic name entry element | Health Services Administration |
| Geographic subdivision | Turkey. |
| 9 (RLIN) | 2220 |
| 700 1# - ADDED ENTRY--PERSONAL NAME | |
| Personal name | Çoruh, Mithat. |
| Relator code | edt |
| Personal name | Güray, Şüheda. |
| Personal name | Kafadar, Cihan. |
| 942 ## - ADDED ENTRY ELEMENTS (KOHA) | |
| Source of classification or shelving scheme | National Library of Medicine |
| Koha item type | Book |
| Withdrawn status | Lost status | Source of classification or shelving scheme | Not for loan | Collection code | Home library | Current library | Shelving location | Date acquired | Source of acquisition | Inventory number | Total Checkouts | Full call number | Barcode | Date last seen | Date shelved | Koha item type |
|---|---|---|---|---|---|---|---|---|---|---|---|---|---|---|---|---|
| Other/Generic Classification Scheme | Ödünç Verilemez-Kurumiçi kullanım / Not for loan-For inhouse use | Tıp Koleksiyonu | Tıp Fakültesi Medikal Kütüphane | Tıp Fakültesi Medikal Kütüphane | Tıp Koleksiyonu / Medical Collection | 08/06/2023 | Bağış / Donation | TIP | W 84 S275 1997 TıpFaK | TF00805 | 22/09/2023 | 22/09/2023 | Book |
